Movies Quiz

Random Movies or Famous Quiz

Stage Names Quiz Stats

 Plays Quiz Updated Oct 18, 2018

Score 0/12 Timer 04:00
2 Plays Today
Real Name Stage Name % Correct
Nicholas CoppolaNicolas Cage
81.9%
Norma Jean BakerMarilyn Monroe
79.6%
Carlos Irwin EstevezCharlie Sheen
68.4%
Chan Kong-SangJackie Chan
51.4%
Cornelius Crane ChaseChevy Chase
44.3%
Archibald Alexander LeachCary Grant
26.6%
Allen Stewart KonigsbergWoody Allen
23.8%
Dana Elaine OwensQueen Latifah
15.5%
Caryn Elaine JohnsonWhoopi Goldberg
12.7%
Krishna BanjiBen Kingsley
12.1%
Mark VincentVin Diesel
11.4%
Eric BishopJamie Foxx
6.6%

You're not logged in!

Compare scores with friends on all Sporcle quizzes.
OR
Log In

Sporcle TV

Today on Sporcle TV


Watch our educational content, quiz creation guides, and fun videos on Sporcle TV.

Show Comments

Extras

Top Quizzes Today


Score Distribution

Your Account Isn't Verified!

In order to create a playlist on Sporcle, you need to verify the email address you used during registration. Go to your Sporcle Settings to finish the process.

Report this User

Report this user for behavior that violates our Community Guidelines.

Details: